Don Bosco /

Guardat en:
Dades bibliogràfiques
Autor principal: Bosco, Teresio (Autor)
Format: Llibre
Idioma:italià
Publicat: Torino ; Leumann : Elle di ci, °1969?!
Col·lecció:Eroi ; 1
Matèries:
Etiquetes: Afegir etiqueta
Sense etiquetes, Sigues el primer a etiquetar aquest registre!

MARC

LEADER 00000nam a22000001i 4500
001 IT\ICCU\SBL\0108267
003 ItRI
005 20260115232353.0
008 910930s1969 it |||||| ||||| |||||c
015 |2 IT  |a 6911334 
040 |b ita  |c importazione bologna sebina 
041 7 |a ita  |2 ISO-639-2 
082 |a 922  |9 BIOGRAFIA. RELIGIOSI  |2 16 
082 |a 922  |9 BIOGRAFIA. RELIGIOSI  |2 17 
100 1 |a Bosco, Teresio  |0 IT\ICCU\CFIV\003796  |4 aut 
245 1 0 |a Don Bosco /  |c Teresio Bosco. 
260 |a Torino ;  |a Leumann :  |b Elle di ci,  |c °1969?! 
300 |a 32 p. ;  |c 17 cm. 
650 7 |a Bosco, Giovanni <santo> 
790 1 |a Bosko, Teresij  |3 IT\ICCU\CFIV\122615  |z Bosco, Teresio 
830 0 |a Eroi ;  |v 1  |0 IT\ICCU\UBO\1877442 
942 |2 ddc  |c BK  |n 0 
952 |0 0  |1 0  |4 0  |6 DOC_271_790000000000000_BOS  |7 0  |9 24952  |a BO  |b BO  |d 2026-01-15  |i 1358  |l 0  |o DOC 271.790 BOS  |p BO1358  |r 2026-01-15 23:23:53  |w 2026-01-15  |x [Sebina 7] [1 v.]  |y BK  |z 1 v. 
999 |c 21198  |d 21198